• 首页
  • 本馆介绍
  • 公告通知
  • 最新文献
  • 馆藏检索
  • 电子资源
  • 读者导购
  • 参考咨询
  • 我的图书馆
  • 登录
  • 详细信息显示
  • 放入我的书架
  • 预约/预借图书
  • 作者相关作品
  • 分类相关作品
  • 丛书相关作品
  • 出版社相关作品

书目信息

  • 表格格式
  • 工作单格式
  • 卡片格式
题名:
播种未来
    
 
作者: 沙晓燕 主编
分册:  
出版信息: 北京   九州出版社  2020.07
页数: 285页
开本: 17cm
丛书名:
单 册:
中图分类: G623.102
科图分类:
主题词: 政治课--教学研究--小学
电子资源:
ISBN: 978-7-5108-8701-7
000 00937nam0 2200229 450
001 0103152706
005 20201103152733.0
010    @a978-7-5108-8701-7@dCNY46.80
100    @a20191227d2020 em y0chiy0110 ea
101 0  @achi
102    @aCN@b110000
105    @ay z 000yy
106    @ar
200 1  @a播种未来@Abo zhong wei lai@f沙晓燕主编
210    @a北京@c九州出版社@d2020.07
215    @a285页@d17cm
330    @a小学道德与法治、品德与社会是培育社会主义核心价值观和落实立德树人根本任务的关键课程。近年来房山区沙晓燕小学道德与法治工作室的教师们围绕增强小学德育课程社会主义核心价值观教育的实效性,进行积极的探索实践。本书主要呈现的内容有:小学德育课程建设实践创新,课堂中培养社会主义核心价值观的途径与方法,在课堂中培育社会主义核心价值观的典型课例。
606 0  @a政治课@x教学研究@x小学
690    @aG623.102@v5
701  0 @a沙晓燕@Asha xiao yan@4主编
801  0 @aCN@bBJSZM@c20201103
905    @b1258571-5@dG623.102@e1101@f5
    
    播种未来/沙晓燕主编.-北京:九州出版社,2020.07
    285页;17cm
    
    
    ISBN 978-7-5108-8701-7:CNY46.80
    小学道德与法治、品德与社会是培育社会主义核心价值观和落实立德树人根本任务的关键课程。近年来房山区沙晓燕小学道德与法治工作室的教师们围绕增强小学德育课程社会主义核心价值观教育的实效性,进行积极的探索实践。本书主要呈现的内容有:小学德育课程建设实践创新,课堂中培养社会主义核心价值观的途径与方法,在课堂中培育社会主义核心价值观的典型课例。
●
相关链接 在E读中查询图书 在五车中查询图书 在当当中查询图书 在豆瓣中查询图书


正题名:播种未来     索取号:G623.102/1101         预约/预借

序号 登录号 条形码 馆藏地/架位号 状态 备注
1 1258571   212585718   第一样本阅览室/ [索取号:G623.102/1101] 在馆    
2 1258572   212585727   教育系资料室/ [索取号:G623.102/1101] 在馆    
3 1258573   212585736   教育系资料室/ [索取号:G623.102/1101] 在馆    
4 1258574   212585745   第四借阅区/ [索取号:G623.102/1101] 在馆    
5 1258575   212585754   第四借阅区/ [索取号:G623.102/1101] 在馆    
欢迎您!
大连网信软件有限公司© 版权所有